Pełne Nazwy Europejskich Państw - Statystyki

Ogólne statystyki
  • Ten quiz został rozwiązany 16 razy
  • Średni wynik to 17 z 47
Statystyki odpowiedzi
państwo pełna nazwa % Poprawnych
Polska Rzeczpospolita Polska
100%
Czechy Republika Czeska
63%
Rosja Federacja Rosyjska
56%
Dania Królestwo Danii
50%
Chorwacja Republika Chorwacji
50%
Estonia Republika Estonii
50%
Litwa Republika Litwy
50%
Węgry Republika Węgierska
50%
Belgia Królestwo Belgii
44%
Hiszpania Królestwo Hiszpanii
44%
Norwegia Królestwo Norwegii
44%
Szwecja Królestwo Szwecji
44%
Finlandia Republika Finlandii
44%
Słowacja Republika Słowacka
44%
Słowenia Republika Słowenii
44%
Wielka Brytania Zjednoczone Królestwo Wielkiej Brytanii i Irlandii Północnej
44%
Holandia Królestwo Niderlandów
38%
Andora Księstwo Andory
38%
Monako Księstwo Monako
38%
Austria Republika Austrii
38%
Bułgaria Republika Bułgarii
38%
Niemcy Republika Federalna Niemiec
38%
Francja Republika Francuska
38%
Malta Republika Malty
38%
Mołdawia Republika Mołdawii
38%
Serbia Republika Serbii
38%
Włochy Republika Włoska
38%
Albania Republika Albanii
31%
Białoruś Republika Białorusi
31%
Grecja Republika Grecka
31%
Irlandia Republika Irlandii
31%
Kosowo* Republika Kosowa
31%
Łotwa Republika Łotewska
31%
Bośnia i Hercegowina Bośnia i Hercegowina
25%
Liechtenstein Księstwo Liechtensteinu
25%
Islandia Republika Islandii
25%
Kazachstan Republika Kazachstanu
25%
Turcja Republika Turecka
25%
Ukraina Ukraina
25%
Macedonia Północna Republika Macedonii Północnej
19%
Portugalia Republika Portugalska
19%
San Marino Republika San Marino
19%
Czarnogóra Czarnogóra
13%
Szwajcaria Konfederacja Szwajcarii
13%
Rumunia Rumunia
13%
Watykan Państwo Watykańskie
6%
Luksemburg Wielkie Księstwo Luksemburgu
0%
Nie znaleziono quizów pasujących do podanych kryteriów
Rozkład punktacji
Procent ludzi z każdym wynikiem
Percentyl według liczby udzielonych odpowiedzi
Twoja historia wyników
Nie rozwiązałeś tego quizu